Az igazságügyi szakértő a magyar Alkotmánybíróság gyakorlatában

Elmentve itt :
Bibliográfiai részletek
Szerző: Szakály Zsuzsa
Dokumentumtípus: Cikk
Megjelent: 2021
Sorozat:FORUM: ACTA JURIDICA ET POLITICA 11 No. 3
Tárgyszavak:
mtmt:32353744
Online Access:http://publicatio.bibl.u-szeged.hu/23526
LEADER 00652nab a2200193 i 4500
001 publ23526
005 20241220123712.0
008 220208s2021 hu o 000 hun d
022 |a 2063-2525 
024 7 |a 32353744  |2 mtmt 
040 |a SZTE Publicatio Repozitórium  |b hun 
041 |a hun 
100 1 |a Szakály Zsuzsa 
245 1 3 |a Az igazságügyi szakértő a magyar Alkotmánybíróság gyakorlatában  |h [elektronikus dokumentum] /  |c  Szakály Zsuzsa 
260 |c 2021 
300 |a 409-415 
490 0 |a FORUM: ACTA JURIDICA ET POLITICA  |v 11 No. 3 
650 4 |a Jogtudomány 
856 4 0 |u http://publicatio.bibl.u-szeged.hu/23526/1/Szabo70.pdf  |z Dokumentum-elérés